Административная ответственность в области антиалкогольного законодательства (Запись № 470062)

Подробности
000 -МАРКЕР
контрольное поле 02184nam0a2200337 4500
001 - ИДЕНТИФИКАТОР ЗАПИСИ
контрольное поле RU\NLR\bibl\86208
005 - ИДЕНТИФИКАТОР ВЕРСИИ
контрольное поле 20260407140224.0
021 ## - НОМЕР ГОСУДАРСТВЕННОЙ РЕГИСТРАЦИИ
Код страны российская федерация
Номер 1998-16308
Номер Листа государственной регистраци 768
035 ## - ДРУГИЕ СИСТЕМНЫЕ НОМЕРА
Идентификатор записи (NLR Aleph) 000084206
100 ## - ДАННЫЕ ОБЩЕЙ ОБРАБОТКИ
Данные общей обработки 20000516d1997 |||y0rusy50 ca
101 0# - ЯЗЫК РЕСУРСА
Язык текста, звукозаписи и т.д. русский
102 ## - СТРАНА ПУБЛИКАЦИИ ИЛИ ПРОИЗВОДСТВА
Страна публикации российская федерация
105 ## - ПОЛЕ КОДИРОВАННЫХ ДАННЫХ: ТЕКСТОВЫЕ МАТЕРИАЛЫ, МОНОГРАФИЧЕСКИЕ
Кодированные данные о монографическом текстовом документе y |||||||||
200 1# - ЗАГЛАВИЕ И СВЕДЕНИЯ ОБ ОТВЕТСТВЕННОСТИ
Основное заглавие Административная ответственность в области антиалкогольного законодательства
Сведения, относящиеся к заглавию Метод. рекомендации для сотрудников органов внутр. дел
Первые сведения об ответственности Белгород. юрид. ин-т МВД РФ, Упр. внутр. дел администрации Белгород. обл.
Последующие сведения об ответственности [Мартынов А.Г.]
210 ## - ПУБЛИКАЦИЯ, РАСПРОСТРАНЕНИЕ И ДР.
Место издания, распространения и т.д. Белгород
Имя издателя, распространителя и т. д. Белгород. юрид. ин-т
Дата издания, распространения и т.д. 1997
215 ## - ФИЗИЧЕСКАЯ ХАРАКТЕРИСТИКА
Специфическое обозначение материала и объем 17 с.
Размеры 21
606 0# - НАИМЕНОВАНИЕ ТЕМЫ КАК ПРЕДМЕТ
Наименование темы Административная ответственность
Формальный подзаголовок Руководства, пособия и т.п.
Географический подзаголовок Российская Федерация
Системный номер авторитетной/нормативной записи 2078876
Идентификатор авторитетной/нормативной записи RU\NLR\auth\661254743
606 0# - НАИМЕНОВАНИЕ ТЕМЫ КАК ПРЕДМЕТ
Наименование темы Административная ответственность
Формальный подзаголовок Учебные издания
Географический подзаголовок Российская Федерация
Системный номер авторитетной/нормативной записи 2078876
Идентификатор авторитетной/нормативной записи RU\NLR\auth\661254743
606 0# - НАИМЕНОВАНИЕ ТЕМЫ КАК ПРЕДМЕТ
Наименование темы Алкоголизм
Формальный подзаголовок Руководства, пособия и т.п.
Тематический подзаголовок Административно-правовые меры
Географический подзаголовок Российская Федерация
Системный номер авторитетной/нормативной записи 2177447
Идентификатор авторитетной/нормативной записи RU\NLR\auth\661309581
606 0# - НАИМЕНОВАНИЕ ТЕМЫ КАК ПРЕДМЕТ
Наименование темы Алкоголизм
Формальный подзаголовок Учебные издания
Тематический подзаголовок Административно-правовые меры
Географический подзаголовок Российская Федерация
Системный номер авторитетной/нормативной записи 2177447
Идентификатор авторитетной/нормативной записи RU\NLR\auth\661309581
686 ## - ИНДЕКСЫ ДРУГИХ КЛАССИФИКАЦИЙ
Индекс Х621.033.2я7
686 ## - ИНДЕКСЫ ДРУГИХ КЛАССИФИКАЦИЙ
Индекс Х621.163.048я7
702 #1 - ИМЯ ЛИЦА - ВТОРИЧНАЯ ОТВЕТСТВЕННОСТЬ
Код отношения Составитель
Материалы, к которым относится поле rus
Графика поля Кириллица
Начальный элемент ввода Мартынов
Часть имени, кроме начального элемента ввода А. Г.
Дополнения к именам, кроме дат сотрудник МВД
Расширение инициалов личного имени Александр Григорьевич
Идентификатор авторитетной/нормативной записи RU\NLR\auth\77117047
Системный номер авторитетной/нормативной записи 99972
712 02 - НАИМЕНОВАНИЕ ОРГАНИЗАЦИИ - ВТОРИЧНАЯ ОТВЕТСТВЕННОСТЬ
Код отношения Прочие
Начальный элемент ввода Белгородский юридический институт им. И. Д. Путилина
Идентификатор авторитетной/нормативной записи RU\NLR\AUTH\8810005810
Системный номер авторитетной/нормативной записи 509038
801 #0 - ИСТОЧНИК ЗАПИСИ
Страна российская федерация
Организация NLR
Дата составления 20000516
Правила каталогизации PSBO
801 #1 - ИСТОЧНИК ЗАПИСИ
Страна российская федерация
Организация NLR
Дата составления 20000516
852 ## - МЕСТОНАХОЖДЕНИЕ И ШИФР ХРАНЕНИЯ
Идентификатор организации NLR
Шифр хранения (Call Number) 99-4/9582
942 ## - ДОПОЛНИТЕЛЬНЫЕ ЭЛЕМЕНТЫ ЗАПИСИ (АБИС)
Тип экземпляра АБИС Книга
980 ## - КОЛЛЕКЦИЯ
Название коллекции Национальная библиография
Экземпляры
Тип экземпляра Дата поступления Библиотека постоянного хранения Библиотека текущего хранения Место хранения Шифр хранения Штрих-код Статус не для выдачи
Книга 26.10.2013 РНБ (Московский) РНБ (Московский) Русский книжный фонд: издания с 1957 года, 8этаж 99-4/9582 84206-10